Ultimate Driving Games - Statistics

General Stats
  • This quiz has been taken 8 times
  • The average score is 26 of 51
Answer Stats
Hint Answer % Correct
TTP Newark
100%
TTP Bethany Beach
80%
Hydrolock Biscayne
80%
TTP Delancy Gorge
80%
TTP Harriston
80%
Hydrolock Hillsborough
80%
marcus_dot Jonesboro
80%
xxdebilexx Noyan
80%
TTP Odessa
80%
BullRusterXxl15 Saylorville
80%
TTP Westover Islands
80%
IllinoisRoadgeek Arlington
60%
IllinoisRoadgeek Beach Park
60%
Hydrolock Browardville
60%
Repujaketion Burlington
60%
index15 Calhounstown
60%
BullRusterXxl15 Council Bluffs
60%
index15 Currituck
60%
index15 Fontana Dam
60%
marcus_dot Forsyth
60%
Mocapathy Hailesboro
60%
TTP HBBT
60%
index15 Hilton Head Island
60%
xxdebilexx Keeseville
60%
TTP Masonsville
60%
index15 Monroe
60%
Repujaketion New Charlestown
60%
BullRusterXxl15 Pleasant Valley
60%
Hydrolock Senford
60%
TTP South Harriston
60%
marcus_dot Watkinsville
60%
Hydrolock Yulee
60%
index15 French Broad
40%
index15 Kent Island
40%
BullRusterXxl15 Mississippi Valley
40%
BullRusterXxl15 Rapid City
40%
Mocapathy Spout Run
40%
xxdebilexx Ste-Helene
40%
Hydrolock St Johns
40%
xxdebilexx Ville-Marie
40%
TTP Cape Ann
20%
Hydrolock Florida Keys
20%
Repujaketion Milford
20%
IllinoisRoadgeek Peoria
20%
Repujaketion South Burlington
20%
Hydrolock Terra Ceia
20%
IllinoisRoadgeek Benton Harbor
0%
IllinoisRoadgeek Des Plaines
0%
index15 Fort Loudon/Blairs Ferry
0%
IllinoisRoadgeek Port Darwin
0%
IllinoisRoadgeek Sterling
0%
No matching quizzes found
Score Distribution
Percent of People with Each Score
Percentile by Number Answered
Your Score History
You have not taken this quiz